000
00208nam a22000857a 4500
008
161112b xxu||||| |||| 00| 0 eng d
100
_9
1171
_a
Khan.F.A.
245
_a
Social Science-3
260
_a
New Delhi
_b
Esp
_c
2012
999
_c
3848
_d
3848